000 00253nam a22001097a 4500
008 160518b xxu||||| |||| 00| 0 eng d
020 _a0805334971
041 _aeng
080 _a61
245 _aClinical companion;
_cKozier; erb; Blais;
942 _2udc
_cBK
999 _c2198
_d2198